|
|
|
|
| LEADER |
00695nab a2200205 i 4500 |
| 001 |
acta34116 |
| 005 |
20231009105035.0 |
| 008 |
161017s1942 hu o 0|| hun d |
| 040 |
|
|
|a SZTE Egyetemi Kiadványok Repozitórium
|b hun
|
| 041 |
|
|
|a hun
|
| 100 |
1 |
|
|a Vicsay Lajos
|
| 245 |
1 |
0 |
|a Deák Gyula
|h [elektronikus dokumentum] :
|b Polgári iskolai író-tanárok élete és munkái /
|c Vicsay Lajos
|
| 260 |
|
|
|c 1942
|
| 300 |
|
|
|a 179-180
|
| 490 |
0 |
|
|a A cselekvés iskolája
|v 10
|
| 650 |
|
4 |
|a Társadalomtudományok
|
| 650 |
|
4 |
|a Oktatástudomány
|
| 695 |
|
|
|a Neveléstudomány
|
| 700 |
0 |
1 |
|a Deák Gyula
|e aut
|
| 856 |
4 |
0 |
|u http://acta.bibl.u-szeged.hu/34116/1/cselekves_010_179-180.pdf
|z Dokumentum-elérés
|